|
|
|
|
| LEADER |
00000cas a2200000 a 4500 |
| 001 |
vtls010222339 |
| 003 |
SK-MaSNL |
| 005 |
20260228161157.0 |
| 008 |
150407d19401941xo br|p 000 b0slo c |
| 035 |
|
|
|a KURUKTSP025670
|
| 040 |
|
|
|a KURUKTSP
|b slo
|c SNK
|e AACR2
|
| 041 |
0 |
|
|a slo
|
| 044 |
|
|
|a xo
|c SK
|
| 072 |
|
7 |
|a 2
|x Náboženstvo
|2 konspekt
|
| 072 |
|
7 |
|a 27
|x Kresťanstvo. Kresťanská cirkev všeobecne. Ekleziológia
|2 konspekt
|
| 080 |
|
|
|a 272/273
|2 2001
|
| 080 |
|
|
|a 27-47
|2 2001
|
| 080 |
|
|
|a 050
|2 2001
|
| 245 |
0 |
0 |
|a Katolícka výchova
|b orgán spolku slov. katechétov a profesorov náboženstva
|
| 260 |
|
|
|a Trnava
|b Spolok sv. Vojtecha
|c 1940-1941
|
| 300 |
|
|
|a 1 zv.
|c 22 cm
|
| 310 |
|
|
|a 1x za dva mesiace
|b 11/1941-12/1941
|
| 321 |
|
|
|a 1x mesačne
|b 1-2/1940-10/1941
|
| 362 |
0 |
|
|a Roč. IV, č. 1-2 (sept.-okt. 1940)-roč. IV, č. 12 (nov.-dec. 1941)
|
| 500 |
|
|
|a Časopis svojím ročníkovaním nadväzuje na predchádzajúci titul
|
| 500 |
|
|
|a Tlač. Kníhtlačiareň Spolku Sv. Vojtecha, Trnava
|
| 515 |
|
|
|a Niektoré čísla vychádzali ako dvojčíslo
|
| 515 |
|
|
|a Č. 1-3 majú v hlavičke uvedené označenie roč. III
|
| 650 |
0 |
7 |
|a náboženstvo
|2 SNKPH
|9 2023
|
| 650 |
0 |
7 |
|a cirkevný život
|2 SNKPH
|9 75120
|
| 650 |
0 |
7 |
|a katechéza
|2 SNKPH
|9 4064
|
| 650 |
0 |
7 |
|a náboženská výchova
|2 SNKPH
|9 67239
|
| 655 |
|
7 |
|a náboženské časopisy
|2 SNKPH
|9 70790
|
| 780 |
0 |
0 |
|t Časopis slovenských katechetov
|x 1337-2912
|w vtls010300029
|
| 785 |
0 |
4 |
|t Duchovný pastier
|x 0139-861X
|w vtls010299692
|
| 910 |
|
|
|a snk
|
| 916 |
|
|
|a 1940-1941
|
| 958 |
|
|
|a OND
|
| 999 |
|
|
|c 4574
|d 6504
|
| 952 |
|
|
|0 0
|1 0
|3 rekatalogizácia
|4 0
|7 0
|8 5
|a SNK
|b SNK
|d 2006-12-13
|i snkF 5801/77
|l 0
|o snkČSC 601/4/1940/1941 D1
|p 17A0532367
|r 2026-02-21 20:05:26
|t č. 1-10
|w 2026-02-21
|y PREZ
|z č. 1-10
|
| 952 |
|
|
|0 0
|1 0
|4 0
|7 0
|8 5
|a SNK
|b SNK
|d 2000-08-01
|f 1
|i snkF 5800/77
|l 0
|o snkČSC 601/4/1940-41
|p 17A0248143
|r 2005-01-02 00:00:00
|t č. 1-12
|w 2026-02-21
|y PREZ
|